Name Every LEGO Modular Building - Statistics

General Stats
  • This quiz has been taken 212 times
    36 since last reset
  • The average score is 12 of 21
Answer Stats
Release Year Answer % Correct
2022 Boutique Hotel
78%
2023 Jazz Club
75%
2021 Police Station
75%
2019 Corner Garage
66%
2012 Town Hall
66%
2025 Tudor Corner
66%
2011 Pet Shop
63%
2017 Assembly Square
59%
2015 Detective's Office
59%
2020 Bookshop
56%
2007 Café Corner
56%
2007 Market Street
53%
2013 Palace Cinema
53%
2014 Parisian Restaurant
53%
2026 Shopping Street
53%
2016 Brick Bank
50%
2010 Grand Emporium
50%
2023 Natural History Museum
50%
2018 Downtown Diner
47%
2008 Green Grocer
47%
2009 Fire Brigade
41%
No matching quizzes found
Score Distribution
Percent of People with Each Score
Percentile by Number Answered
Your Score History
You have not taken this quiz since the last reset